000
00333nam a22001457a 4500
008
221013b ||||| |||| 00| 0 eng d
020
_a
0683060791
041
_a
eng
080
_2
2ND EDITION
_a
61
082
_a
61 MOS
100
_a
5
101
_a
MJEK
245
_a
HEART DISEASE IN INFANTS CHILDREN
_c
MOSS.J.A
942
_2
udc
_c
BK
999
_c
58549
_d
58549